000 00298nam a2200109Ia 4500
008 230907s9999||||xx |||||||||||||| ||und||
082 _a510
_bKHO
100 _aKhoromskij, Boris N.,
_9116182
245 0 _aTensor numerical methods in scientific computing /
300 _ax, 369 pages :
942 _cBK
999 _c601550
_d601550